Přístupy k řešení chudoby v České republice

Chudoba ako stav hmotnej núdze je spojený so životnými podmienkami určitých sociálnych skupín obyvateľstva. Stanovenie chudoby pomocou životného minima. Zavinená a nezavinená chudoba. Vzdelanie ako nástroj prevencie chudoby.

Na minha lista:
Detalhes bibliográficos
Autor principal: Žižková, Jana
Formato: Capítulo de Livro
Idioma:tcheco
Assuntos:
Tags: Adicionar Tag
Sem tags, seja o primeiro a adicionar uma tag!

MARC

LEADER 00000naa a2200000 4500
001 r040797
005 20230913071949.0
041 0 |a cze 
044 |a CZ 
245 1 0 |a Přístupy k řešení chudoby v České republice  |c Jana Žižková 
520 |a Chudoba ako stav hmotnej núdze je spojený so životnými podmienkami určitých sociálnych skupín obyvateľstva. Stanovenie chudoby pomocou životného minima. Zavinená a nezavinená chudoba. Vzdelanie ako nástroj prevencie chudoby. 
610 2 0 |a chudoba 
610 2 0 |a úroveň životná 
610 2 0 |a Česko 
610 2 0 |a starostlivosť sociálna 
610 2 0 |a vzdelanie 
610 2 0 |a politika sociálna 
610 2 0 |a minimum existenčné 
100 1 |a Žižková, Jana